Temps, espace, matière (Record no. 134177)

MARC details
000 -LEADER
campo de control de longitud fija 00775nam a2200217 i 4500
001 - NÚMERO DE CONTROL
campo de control 134177
003 - IDENTIFICADOR DE NÚMERO DE CONTROL
campo de control ES-MaACL
005 - FECHA Y HORA DE LA ÚLTIMA TRANSACCIÓN
campo de control 20230906194621.0
007 - CAMPO FIJO DE DESCRIPCIÓN FÍSICA--INFORMACIÓN GENERAL
campo de control de longitud fija t|
008 - DATOS DE LONGITUD FIJA--INFORMACIÓN GENERAL
campo de control de longitud fija 070906s1921 fr ||||1| fre d
100 1# - ENTRADA PRINCIPAL--NOMBRE DE PERSONA
Nombre de persona Weyl, Hermann.
9 (RLIN) 116602
245 10 - MENCIÓN DEL TÍTULO
Título Temps, espace, matière
Resto del título : leçons sur la théorie de la relativité générale /
Mención de responsabilidad, etc. H. Weyl ; traduites... par Gustav Juvet et Robert Leroy.
260 ## - PUBLICACIÓN, DISTRIBUCIÓN, ETC.
Lugar de publicación, distribución, etc. Paris :
Nombre del editor, distribuidor, etc. A. Blanchard,
Fecha de publicación, distribución, etc. 1921.
300 ## - DESCRIPCIÓN FÍSICA
Extensión VIII, 290 p. :
Otras características físicas il. ;
Dimensiones 25 cm.
490 1# - MENCIÓN DE SERIE
Mención de serie Collection de monographies scientifiques étrangères
700 1# - ENTRADA AGREGADA--NOMBRE PERSONAL
Nombre de persona Juvet, Gustave.
9 (RLIN) 67377
700 1# - ENTRADA AGREGADA--NOMBRE PERSONAL
Nombre de persona Leroy, Robert.
9 (RLIN) 71807
830 0# - PUNTO DE ACCESO ADICIONAL DE SERIE-TÍTULO UNIFORME
Título uniforme Collection de monographies scientifiques étrangères
9 (RLIN) 219823
852 ## - LOCALIZACIÓN
Ubicación ES-MaACL
Número de control de estantería G-14168
Holdings
Estatus retirado Estado de pérdida Estado de daño No para préstamo Biblioteca de origen Biblioteca actual Ubicación en estantería Fecha de adquisición Fuente de adquisición Total de préstamos Signatura topográfica completa Código de barras Visto por última vez Precio de reemplazo Tipo de ítem Koha
        Biblioteca del Ateneo de Madrid Biblioteca del Ateneo de Madrid Sala Pecera Planta 3 17/01/2008     G-14168 1139670 23/02/2023 23/02/2023 Libro impreso